| 000 | 00507nam a2200181 i 4500 | ||
|---|---|---|---|
| 001 | 58410 | ||
| 003 | ES-MaACL | ||
| 005 | 20250916063042.0 | ||
| 007 | t| | ||
| 008 | 031022s1918 fr ||||1| fre d | ||
| 100 | 1 |
_aDuhamel, Georges, _d1884-1966 _945938 |
|
| 245 | 1 | 0 |
_aVie des martyrs _b: 1914-1916 / _cGeorges Duhamel. |
| 250 | _a10eme ed. | ||
| 260 |
_a[S.l. : _bs.n., _c1918] ( _ePoitiers : _fG. Roy) |
||
| 300 |
_a229 p. ; _c19 cm. |
||
| 852 |
_aES-MaACL _jF-5630 |
||
| 999 |
_c58410 _d58410 |
||